All together now (Record no. 67387)

MARC details
000 -LEADER
fixed length control field 01411cam a2200253 4500
001 - CONTROL NUMBER
control field ABS64088
008 - FIXED-LENGTH DATA ELEMENTS--GENERAL INFORMATION
fixed length control field 000000n2001 000 0 eng u
035 ## - SYSTEM CONTROL NUMBER
System control number (Sirsi) u113164
100 ## - MAIN ENTRY--PERSONAL NAME
Personal name Mosey, D.
245 ## - TITLE STATEMENT
Title All together now
260 ## - PUBLICATION, DISTRIBUTION, ETC.
Date of publication, distribution, etc. 2001
490 ## - SERIES STATEMENT
Series statement RIBA Journal
Volume/sequential designation 108(6) June 2001, 73-76(3)
520 ## - SUMMARY, ETC.
Summary, etc. Reviews the first standard form of project partnering contract, PPC 2000, which aims to ensure that both the project team and process are fully integrated in order to achieve the reforms set out in "Rethinking construction". The contract is signed by the client, the constructor, all consultants appointed by the client and certain specialists appointed by the constructor breaking down the barriers created in traditional two party forms of agreement and covers the entire project from conception to completion. PPC allows risk sharing between project partners and encourages key individuals to work together to resolve disputes before referring them to the ACA conciliation procedure.
590 ## - LOCAL NOTE (RLIN)
Local note ABS
650 ## - SUBJECT ADDED ENTRY--TOPICAL TERM
Topical term or geographic name entry element ACA CONCILIATION PROCEDURE 1998
650 ## - SUBJECT ADDED ENTRY--TOPICAL TERM
Topical term or geographic name entry element BUILT ENVIRONMENT-BUILDING CONTRACT FORMS
650 ## - SUBJECT ADDED ENTRY--TOPICAL TERM
Topical term or geographic name entry element BUILT ENVIRONMENT-BUILDING CONTRACT FORMS
650 ## - SUBJECT ADDED ENTRY--TOPICAL TERM
Topical term or geographic name entry element PPC 2000
650 ## - SUBJECT ADDED ENTRY--TOPICAL TERM
Topical term or geographic name entry element PROJECT PARTNERING CONTRACT
650 ## - SUBJECT ADDED ENTRY--TOPICAL TERM
Topical term or geographic name entry element STANDARD FORMS OF AGREEMENT
690 ## - LOCAL SUBJECT ADDED ENTRY--TOPICAL TERM (OCLC, RLIN)
Topical term or geographic name as entry element BUILDING AND CONSTRUCTION-CONTRACTS-OTHER CONTRACTS
700 ## - ADDED ENTRY--PERSONAL NAME
Personal name Young, E.
942 ## - ADDED ENTRY ELEMENTS (KOHA)
Suppress in OPAC 0
Holdings
Withdrawn status Lost status Source of classification or shelving scheme Damaged status Not for loan Home library Current library Shelving location Date acquired Total Checkouts Full call number Barcode Date last seen Copy number Price effective from Koha item type
    Dewey Decimal Classification     London London Journal article 19/06/2001   ABS64088 113164-1001 06/08/2019 1 06/08/2019 Journal article